Flora nativa de valor ornamental: Chile Zona Centro

שמור ב:
מידע ביבליוגרפי
מחבר ראשי: Riedemann Moellinghoff, María Paulina
מחברים אחרים: Aldunate Noel, Gustavo Eduardo
פורמט: ספר
שפה:ספרדית
יצא לאור: s.l Ediciones Jardín Botánico Chagual 2014
מהדורה:Tercera edición
נושאים:
תגים: הוספת תג
אין תגיות, היה/י הראשונ/ה לתייג את הרשומה!

MARC

LEADER 00000cam a2200000 a 4500
001 UCC2064
003 CL-VaPUC
005 20211210192636.0
008 171230e20140000cl |||||||||||||||||spa|d
999 |c 370365  |d 370363 
020 |a 9789569479007 (o.c) 
020 |a 9789569479014 (v.1) 
020 |a 9789569479021 (v.2) 
040 |c Pontificia Universidad Católica de Valparaíso 
082 0 4 |a 581.983 RIE 2014  |2 21 
100 0 |a Riedemann Moellinghoff, María Paulina  |9 596209 
245 1 0 |a Flora nativa de valor ornamental: Chile Zona Centro 
250 |a Tercera edición 
260 |a s.l  |b Ediciones Jardín Botánico Chagual  |c 2014 
300 |a v 
505 |a v.1: identificación y propagación. v.2: rutas y senderos. 
583 |a last modification  |c 20171230 00:11:00  |k Rodrigo Vera 
650 0 |a Flora nativa chilena  |9 531171 
650 0 |a Plantas ornamentales  |9 345450 
650 7 |a PLANTAS TREPADORAS  |2 CL-VaPUC  |9 596211 
650 0 |a Plantas bulbosas  |9 413201 
700 0 |a Aldunate Noel, Gustavo Eduardo  |9 596210 
942 |c BK  |2 ddc 
945 |d 20171230 00:11:00  |a dcastane 
952 |0 0  |1 0  |2 ddc  |3 erb  |4 0  |6 581_983000000000000_RIE_2014  |7 0  |8 R  |9 486779  |a BIBARQ  |b BIBARQ  |h v.1  |i 5444640  |l 16  |m 2  |o 581.983 RIE 2014  |p 5444640  |r 2025-01-20  |s 2024-11-26  |t 4  |w 2019-11-24  |y BK_R  |z Catalogado en:20171230  |k ARQ 
952 |0 0  |1 0  |2 ddc  |3 erb  |4 0  |6 581_983000000000000_RIE_2014  |7 0  |8 R  |9 486780  |a BIBARQ  |b BIBARQ  |h v.2  |i 5444632  |l 11  |o 581.983 RIE 2014  |p 5444632  |r 2025-01-20  |s 2024-11-22  |t 1  |w 2019-11-24  |y BK_R  |z Catalogado en:20171230  |k ARQ 
952 |0 0  |1 0  |2 ddc  |3 erb  |4 0  |6 581_983000000000000_RIE_2014  |7 0  |8 A  |9 486781  |a BIBAGR  |b BIBAGR  |h v.1  |i 5506573  |l 17  |o 581.983 RIE 2014  |p 5506573  |r 2025-03-25  |s 2025-03-18  |t 1  |w 2019-11-24  |y BK  |z Catalogado en:20181012  |k BIO 
952 |0 0  |1 0  |2 ddc  |3 erb  |4 0  |6 581_983000000000000_RIE_2014  |7 0  |8 A  |9 486782  |a BIBCUR  |b BIBCUR  |h v.1  |i 5506565  |l 6  |m 1  |o 581.983 RIE 2014  |p 5506565  |r 2025-04-22  |s 2024-10-15  |t 2  |w 2019-11-24  |y BK  |z Catalogado en:20181012  |k BIO 
952 |0 0  |1 0  |2 ddc  |3 erb  |4 0  |6 581_983000000000000_RIE_2014  |7 0  |8 A  |9 486783  |a BIBCUR  |b BIBCUR  |h v.1  |i 5506557  |l 10  |m 2  |o 581.983 RIE 2014  |p 5506557  |q 2025-05-12  |r 2025-04-29  |s 2025-04-29  |t 3  |w 2019-11-24  |y BK  |z Catalogado en:20181012  |k BIO